| 000 | 01175nam a22003377a 4500 | ||
|---|---|---|---|
| 003 | CHAP | ||
| 005 | 20220329134808.0 | ||
| 008 | 971013s1975 r 00010 d | ||
| 010 | _a26056 | ||
| 011 | _a27028 | ||
| 035 | _a31129 | ||
| 040 | _cCHAP | ||
| 090 | _aFolleto 2812 | ||
| 100 | 0 | 0 |
_aBurgos Martínez, Felipe. _916171 |
| 245 | _aSugerencias tendientes a superar la actual situación conflictiva forestal de México | ||
| 260 |
_aSan Rafael, Méx. : _bGrupo Profesional San Rafael, _c1975 |
||
| 300 | _a30 p. | ||
| 590 |
_aBATCH-UPD _b10 _c20130110 _lUCH01 _h1023 |
||
| 590 |
_aBATCH-UPD _b10 _c20130410 _lUCH01 _h0628 |
||
| 590 |
_aBATCH-UPD _b10 _c20130914 _lUCH01 _h0710 |
||
| 590 |
_aCONVERSION _b10 _c20130109 _lUCH01 _h1315 |
||
| 650 | 1 | 4 |
_aBosques _xAspectos económicos _xMéxico. _914076 |
| 650 | 1 | 4 |
_aBosques _xMéxico. _914341 |
| 650 | 1 | 4 |
_aPolítica forestal _zMéxico. _990610 |
| 650 | 1 | 4 |
_aProductos forestales _zMéxico. _992112 |
| 901 | _aBK | ||
| 942 | _cFOLL | ||
| 949 |
_aFolleto 2812 _bBC _cFOLL _d-72058 _eTS1 _i31129 _si |
||
| 949 |
_aFolleto 2812 _bBC _cFOLL _d-72060 _eTS2 _fc.2 _i31129 _si |
||
| 949 |
_aFolleto 2812 _bBC _cFOLL _d-72061 _eTS2 _fc.3 _i31129 _si |
||
| 999 |
_c26056 _d26056 |
||